| 000 -LEADER |
| fixed length control field |
01705 a2200301 4500 |
| 003 - CONTROL NUMBER IDENTIFIER |
| control field |
OSt |
| 005 - DATE AND TIME OF LATEST TRANSACTION |
| control field |
20180116192348.0 |
| 008 - FIXED-LENGTH DATA ELEMENTS--GENERAL INFORMATION |
| fixed length control field |
120531t xxu||||| |||| 00| 0 eng d |
| 010 ## - LIBRARY OF CONGRESS CONTROL NUMBER |
| LC control number |
2008037336 |
| 020 ## - INTERNATIONAL STANDARD BOOK NUMBER |
| International Standard Book Number |
9780300138887 (cloth : alk. paper) |
| 020 ## - INTERNATIONAL STANDARD BOOK NUMBER |
| International Standard Book Number |
0300138881 (cloth : alk. paper) |
| 035 ## - SYSTEM CONTROL NUMBER |
| System control number |
(OCoLC)ocn244628024 |
| 040 ## - CATALOGING SOURCE |
| Transcribing agency |
0 |
| 082 00 - DEWEY DECIMAL CLASSIFICATION NUMBER |
| Classification number |
724.6 |
| 100 1# - MAIN ENTRY--PERSONAL NAME |
| Personal name |
Mumford, Eric Paul, |
| 9 (RLIN) |
2982 |
| 245 10 - TITLE STATEMENT |
| Title |
Defining urban design : |
| Remainder of title |
CIAM architects and the formation of a discipline, 1937-69 / |
| Statement of responsibility, etc. |
Eric Mumford. |
| 260 ## - PUBLICATION, DISTRIBUTION, ETC. |
| Place of publication, distribution, etc. |
[New Haven : |
| Name of publisher, distributor, etc. |
Yale University Press], |
| Date of publication, distribution, etc. |
c2009. |
| 300 ## - PHYSICAL DESCRIPTION |
| Extent |
ix, 262 p. : |
| Other physical details |
ill. (some col.), map ; |
| Dimensions |
27 cm. |
| 500 ## - GENERAL NOTE |
| General note |
Publisher from jacket. |
| 505 0# - FORMATTED CONTENTS NOTE |
| Formatted contents note |
The prewar CIAM vision of the functional city -- CIAM and American urbanism, 1937-48 -- Toward urban design, 1947-54 -- Urban design at Harvard, 1953-60 -- Continuity and crisis: the Harvard urban design program in transformation, 1960-69. |
| 520 ## - SUMMARY, ETC. |
| Summary, etc. |
The members of the International Congress of Modern Architecture (CIAM), such as Josep Lluis Sert, Le Corbusier, Walter Gropius, and their American associates, developed the discipline now called "urban design," which has had a significant influence on both university departments and building projects around the world. |
| 650 10 - SUBJECT ADDED ENTRY--TOPICAL TERM |
| Topical term or geographic name entry element |
Architecture |
| Geographic subdivision |
United States |
| General subdivision |
History |
| Chronological subdivision |
20th century. |
| 9 (RLIN) |
2983 |
| 650 10 - SUBJECT ADDED ENTRY--TOPICAL TERM |
| Topical term or geographic name entry element |
City planning |
| Geographic subdivision |
United States |
| General subdivision |
History |
| Chronological subdivision |
20th century. |
| 9 (RLIN) |
2984 |
| 856 41 - ELECTRONIC LOCATION AND ACCESS |
| Materials specified |
Table of contents only |
| Uniform Resource Identifier |
<a href="http://www.loc.gov/catdir/toc/ecip0826/2008037336.html">http://www.loc.gov/catdir/toc/ecip0826/2008037336.html</a> |
| 942 ## - ADDED ENTRY ELEMENTS (KOHA) |
| Institution code [OBSOLETE] |
SADA |
| Koha item type |
Book |
| Call number prefix |
724.6 MUM 2009 |
| Source of classification or shelving scheme |
|